| 000 | 00426nam a22001337a 4500 | ||
|---|---|---|---|
| 999 |
_c524438 _d524438 |
||
| 008 | 231117b ||||| |||| 00| 0 eng d | ||
| 100 |
_aSengupta, Deboleena _946114 |
||
| 245 | _aPlants and animals from the field: Ecological relationships in former India-Bangladesh enclaves | ||
| 260 | _aSocial Action | ||
| 300 | _a73(4), Oct-Dec, 2023: p.421-431 | ||
| 773 | _aSocial Action | ||
| 906 | _aENVIRONMENT | ||
| 942 | _cAR | ||